His Majesties gracious ansvver to the message sent from the honourable Citie of London, concerning peace. : Delivered by the Right Honourable the Lord Viscount Faukland, Principall Secretarie of State. As it was spoken by his Majestie to the said secretarie. The true copie.

Bibliographic Details
Main Author: Glapthorne, Henry
Corporate Author: England and Wales. Sovereign (1625-1649 : Charles I)
Format: eBook
Language:English
Published: Printed at London : for Thomas Massam, 1643.
Series:Early English books online.
Subjects:
Online Access:Connect to the full text of this electronic book

MARC

Tag First Indicator Second Indicator Subfields
LEADER 00000nam a2200000 4500
001 in00004289813
005 20200813084450.0
006 m g d
007 cr bn |||a|bb|
008 850610s1643 enk o 00| | eng d
035 |a (UnM)99872806 
037 |a CL0051000001  |b ProQuest Information and Learning. 300 N. Zeeb Rd., Ann Arbor, MI 48106 
040 |a Cu-RivES  |c Cu-RivES  |d CStRLIN  |e dcrb  |d WaOLN 
100 1 |a Glapthorne, Henry. 
245 1 0 |a His Majesties gracious ansvver to the message sent from the honourable Citie of London, concerning peace. :  |b Delivered by the Right Honourable the Lord Viscount Faukland, Principall Secretarie of State. As it was spoken by his Majestie to the said secretarie. The true copie. 
246 2 |a His Majesties gracious answer to the message sent from the honourable Citie of London, concerning peace 
260 |a Printed at London :  |b for Thomas Massam,  |c 1643. 
300 |a 1 online resource (8 pages) 
336 |a text  |b txt  |2 rdacontent 
337 |a computer  |b c  |2 rdamedia 
338 |a online resource  |b cr  |2 rdacarrier 
500 |a One of several peace pamphlets of early 1643 issued falsely in the King's name, this one is in answer to "The humble petition of the major, aldermen, and commons of the city of London to His Majesty .." of 2 Jan. 1643, dated by Thomason 11 Jan. 1643. 
500 |a On the questions of authorship and circumstances of publication see J.H. Walter, Henry Glapthorne, Times literary supplement, 19 September, 1936, pages 748, Chester L. Shaver, The life and works of Henry Glapthorne, Harvard Ph. D. thesis, 1837, pages 119-123, and the Journal of the House of Lords, V, 533, 547, 596-8. 
500 |a Reproduction of the original in the British Library. 
500 |a Annotation on Thomason copy: "Jan: 11th 1642". 
510 4 |a Wing (2nd edition)  |c C2320. 
510 4 |a Thomason  |c E.84[41]. 
533 |a Electronic reproduction.  |b Ann Arbor, Mich. :  |c UMI,  |d 1999-  |f (Early English books online)  |n Digital version of: (Thomason Tracts ; 14:E84[41])  |7 s1999 miun s 
600 1 0 |a Falkland, Lucius Cary,  |c Viscount,  |d 1610?-1643  |v Early works to 1800. 
651 4 |a London (England)  |x History  |v Early works to 1800. 
710 1 |a England and Wales.  |b Sovereign (1625-1649 : Charles I) 
830 0 |a Early English books online. 
856 4 0 |u http://proxy.library.tamu.edu/login?url=https://search.proquest.com/docview/2240940776  |z Connect to the full text of this electronic book  |t 0 
999 f f |s d7a5df6a-d4e5-3637-8837-405a33d5d376  |i ca86ea7c-d482-30d8-acb1-5685f29bd932  |t 0 
952 f f |a Texas A&M University  |b College Station  |c Electronic Resources  |d Available Online  |t 0  |h No information provided 
998 f f |t 0  |l Available Online